Fr. Conceicao Rodrigues College of Engineering

Principles of Computer Design (Record no. 24993)

MARC details
000 -LEADER
fixed length control field 00321nam a2200145Ia 4500
082 ## - DEWEY DECIMAL CLASSIFICATION NUMBER
Classification number 620.004028
100 ## - MAIN ENTRY--PERSONAL NAME
Personal name Marino/ L.R.
245 ## - TITLE STATEMENT
Title Principles of Computer Design
260 ## - PUBLICATION, DISTRIBUTION, ETC.
Name of publisher, distributor, etc. Computer Science Press
Place of publication, distribution, etc. USA
Date of publication, distribution, etc. 1986
300 ## - PHYSICAL DESCRIPTION
Extent 577
546 ## - LANGUAGE NOTE
Language note ENGLISH
654 ## - SUBJECT ADDED ENTRY--FACETED TOPICAL TERMS
Focus term computer design
942 ## - ADDED ENTRY ELEMENTS (KOHA)
Koha item type Reference Book
Holdings
Withdrawn status Lost status Damaged status Not for loan Collection Home library Current library Shelving location Date acquired Cost, normal purchase price Total Checkouts Full call number Barcode Date last seen Cost, replacement price Price effective from Koha item type
        CRC Fr. Agnel's C.Rodrigues College of Engineering Fr. Agnel's C.Rodrigues College of Engineering   17/03/2023 879.80   620.004028 5652 17/03/2023 879.80 17/03/2023 Reference Book